| 000 | 00913nam a22002537a 4500 | ||
|---|---|---|---|
| 005 | 20100802141057.0 | ||
| 010 | _aENG-97282 | ||
| 020 |
_a9788173716904 _c465.00 |
||
| 020 |
_a9788173716904 _c465.00 |
||
| 035 | _aEN-80815 | ||
| 037 | _bDBAD/PUB | ||
| 082 | _a368.01 | ||
| 100 |
_aDeshmukh, Shailaja R _96142 |
||
| 245 |
_aActuarial statistics : _cby Shailaja RDeshmukh _ban introduction using R /Studies in commonwealth literature / |
||
| 260 |
_aHydrabad _bUniversities Press _c2009 |
||
| 270 |
_a3-6-747/1/A & 3-6-754/1,Himayat nagar _bHydrabad _e110002 |
||
| 300 |
_axi,460p. _c23cm (Hb) |
||
| 500 | _aIncludes indexes. | ||
| 700 | _93949 | ||
| 700 | _94010 | ||
| 700 |
_aSharma, M.K _93968 |
||
| 942 |
_2ddc _cEN _h368.01 _mDES |
||
| 999 |
_c38661 _d38661 |
||